000 00262nam a2200109Ia 4500
008 190802s9999 xx 000 0 und d
100 _aPatras Bukhari
245 0 _aPatras Kay Mazameen
260 _aLahore
_bFarid Publications
_c2015
300 _a82:p
942 _cBK
999 _c2533
_d2533